| 000 | 01751cam a2200409 a 4500 | ||
|---|---|---|---|
| 999 |
_c6576 _d6576 |
||
| 001 | 14676548 | ||
| 005 | 20170718110316.0 | ||
| 008 | 061220s2006 enka b 001 0 eng d | ||
| 010 | _a 2006299997 | ||
| 015 |
_aGBA655698 _2bnb |
||
| 016 | 7 |
_a013494763 _2Uk |
|
| 020 | _a0521822424 (hbk.) | ||
| 020 | _a052152962X (pbk.) | ||
| 024 | 3 | _c9780521822428 (hbk.) | |
| 024 | 3 | _c9780521529624 (pbk.) | |
| 035 | _a(OCoLC)ocm70173366 | ||
| 035 | _a(OCoLC)70173366 | ||
| 040 |
_aUKM _cUKM _dBAKER _dYDXCP _dBWKUK _dOCLCQ _dDLC |
||
| 042 | _alccopycat | ||
| 050 | 0 | 0 |
_aB801 _b.C345 2006 |
| 082 | 0 | 0 |
_a190.9/032 _222 |
| 245 | 0 | 4 |
_aThe Cambridge companion to early modern philosophy / _cedited by Donald Rutherford. |
| 246 | 3 | 0 | _aEarly modern philosophy |
| 260 |
_aCambridge, UK ; _aNew York : _bCambridge University Press, _c2006. |
||
| 300 |
_axv, 421 p. : _bill. ; _c24 cm. |
||
| 440 | 0 |
_aCambridge companions _933134 |
|
| 504 | _aIncludes bibliographical references (p. 365-400) and index. | ||
| 650 | 0 |
_aPhilosophy, Modern _y17th century. _933133 |
|
| 650 | 0 |
_aPhilosophy, Modern _y18th century. _933135 |
|
| 700 | 1 |
_aRutherford, Donald, _d1957- _933136 |
|
| 856 | 4 | 2 |
_3Publisher description _uhttp://www.loc.gov/catdir/enhancements/fy0617/2006299997-d.html |
| 856 | 4 | 1 |
_3Table of contents only _uhttp://www.loc.gov/catdir/enhancements/fy0617/2006299997-t.html |
| 856 | 4 | 2 |
_3Contributor biographical information _uhttp://www.loc.gov/catdir/enhancements/fy0732/2006299997-b.html |
| 906 |
_a7 _bcbc _ccopycat _d2 _encip _f20 _gy-gencatlg |
||
| 942 |
_2lcc _cMONOGRAPH |
||